Open Data Biblioteca Nacional de Portugal


República Portuguesa: Ministério da Cultura
Biblioteca Nacional de Portugal

Catálogo da BNP: acesso por Identificadores Unívocos
Registos Bibliográficos associados ao registo de autoridade

Etiqueta de registo: 00254nbm 2200025 450
001 2014887
003 http://id.bnportugal.gov.pt/bib/catbnp/2014887
100 ## $a20190218d1641 k y0pory01030103ba
101 0# $alat
102 ## $aPT
105 ## $ay z 000yy
106 ## $ah
200 1# $aSeq[ui]t[u]r explicandus C. De jure fisci lib. 10$fDe Vahia$bManuscrito]
210 #1 $d1641
215 ## $aF. 1-64$d30 cm
300 ## $aCópia
304 ## $aTrata-se de uma postila de direito ditada por Francisco Vahia Teixeira, lente da Universidade de Coimbra, admitido no Colégio de São Pedro em 1638 e jubilado como lente de prima em 1664
306 ## $aData retirada do f. 17
307 ## $aNotas marginais de mão diferente
321 ## $aReferido em: Machado, Diogo Barbosa - Biblioteca Lusitana. Lisboa : Officina de Ignacio Rodrigues, 1747. T. II, p. 255
327 1# $aEncadernado em: "Lições de Direito"
518 1# $aSequitur explicandus Cod. De jure fisci libro 10
700 #1 $aTeixeira,$bFrancisco Vahia$f16---1672$31742514
801 #0 $aPT$bBN$gRPC
966 ## $lBN$mRESMAN$sCOD. 9740//6
997 ## $aBIBEOD

Etiqueta de registo: 03287nbm 2200469 450
001 2067034
003 http://id.bnportugal.gov.pt/bib/catbnp/2067034
100 ## $a20210421f16011700k y0pory01030103ba
101 0# $alat$apor
102 ## $aPT
105 ## $ay z 000yy
106 ## $ah
200 1# $aConciliorum$bManuscrito]
210 #1 $d[1601-1700]
215 ## $a3 vol.$d31 cm
300 ## $aOriginais e cópias, de diversas mãos
304 ## $aTexto em português e latim
304 ## $aTítulo manuscrito na lombada
304 ## $aTrata-se de documentos jurídicos de matéria civil, sob a forma de alegações, pareceres, consultas e outros, de Tomé Pinheiro da Veiga, Lourenço de Sá Sotomaior, Manuel Machado de Andrada, Francisco Vahia Teixeira, Gaspar de Figueiredo Homem, Manuel Leitão, Francisco de Negreiros, António Cabral de Castelo Branco, Francisco Soeiro de Albergaria, João Leite de Aguilar, António Pereira da Cunha, João Lampreia de Vargas, João de Carvalho, Miguel da Maia, Domingos Antunes de Abreu, Francisco Fernandes de Figueiredo, Luis de Sotomaior, Nuno da Fonseca Cabral, Cristóvão de Sá Pereira
307 ## $aFoliação coeva
307 ## $aF. em falta, vol. I: 63-68; vol. II: 410; vol. III: 73, 213-215, 240-299, 324 , 390-399, 480-499
307 ## $aF. em branco, vol. I: 49, 62, 69, 82, 100, 123, 131, 137, 161, 169, 176-177, 187, 203, 231-232, 246, 255, 270, 325-326, 332, 336, 355, 358, 373, 379-381; vol. II: 12, 26, 52, 73-74, 76, 106, 123, 129, 135, 138-139, 143, 156-157, 163, 165, 228, 377, 387, 392-393, 405, 409, 414; vol. III: 31, 65, 72, 77, 95, 101, 116-119, 123, 147, 160, 165, 174, 185, 191, 203, 212, 216, 225, 229, 235, 309, 313, 319, 323, 342, 352-353, 359, 363, 382, 385, 406, 410, 418, 423, 450-451, 455, 459, 461, 477, 505-506, 508, 510, 516, 521-522, 526, 529-530, 532, 604, 609-632
307 ## $aManchas de acidez por ação da tinta ferrogálica e por ação da humidade
307 ## $aEncadernação em pergaminho flexível, sem atilhos; corte salpicado a vermelho (vol. I)
317 ## $aLivraria Sebastião José de Carvalho e Melo, 1.º Marquês de Pombal (adquirida pela BNP em 1887)
321 1# $aCatalogado em: José António Moniz - Inventario. Secção XIII - Manuscriptos Collecção Pombalina. Lisboa : BN, 1889
327 1# $aVol. I: 395, [II] f.$a"Index de tudo o q[ue] se comtem neste Livro" (f. [I-II v.])$aVol. II: 418, [III] f.$a"Index rerum quod in hoc volumine continentur" (f. [I-II v.])$aVol. III: 633 f.
701 #1 $aVeiga,$bTomé Pinheiro da,$f1571-1656$4070$330817
701 #1 $aSotomaior,$bLourenço de Sá,$ffl. 1649-1668$4070$31620591
701 #1 $aTeixeira,$bFrancisco Vahia$f16---1672$4070$31742514
701 #1 $aCabral,$bNuno da Fonseca,$f15---16--$4070$3205956
702 #1 $aPombal,$cMarquês de,$f1699-1782$4390$371369
801 #0 $aPT$bBN$gRPC
856 40 $uhttps://purl.pt/48741
856 41 $uhttps://purl.pt/48741/service/media/cover/low
958 ## $aBND$bLivre$cDigitalizado$d1$ehttps://purl.pt/48741/service/media/cover/max
966 ## $lBN$mRESMAN$sPBA. 504$x2
966 ## $lBN$mRESMAN$sPBA. 505$x2
966 ## $lBN$mRESMAN$sPBA. 506$x2
995 ## $aPRR2022 $d20231115$idfontes$zBND
995 ## $aPRR2022 $d20231115$idfontes$zBND
995 ## $aPRR2022 $d20231115$idfontes$zBND

Etiqueta de registo: 00254nam 2200025 450
001 2147826
003 http://id.bnportugal.gov.pt/bib/catbnp/2147826
100 ## $a20231031d1656 m y0pory01030103ba
101 0# $alat
102 ## $aPT
105 ## $ay z 000yy
106 ## $ar
200 1# $aCaesareas conclusiones ex mirabiliter enucleatis ad celebrem rubricam ff. de acquirenda, vel amittenda hereditate$fpatrocinante S. D. D. Francisco Vahia Teixeira...$gtuetur Emmanuel de Abrhantes in praeclara Artium facultatre Magister suo quarto juris...
210 #1 $aConimbricae$capud Emmanuelem Dias,$d1656
215 ## $aF. [184-185]$d2º (30 cm)
305 ## $aNo colofão: Superiorum permissu
306 ## $aPé de imprensa retirado do colofão
307 ## $aP. de tít. e texto enquadrados por filete
307 ## $aCapital ornamentada
316 ## $aNotas marginais manuscritas$aExemplar com marcas de acção de insectos não afectando o texto$5PTBN: COD. 4143//15
620 ## $dCoimbra
700 #1 $aTeixeira,$bFrancisco Vahia$f16---1672$31742514
701 #1 $aAbrantes,$bManuel de,$f16---1717$4070$3997
702 #1 $aDias,$bManuel,$ffl. 1643-1691$4610$365066
801 #0 $aPT$bBN$gRPC
966 ## $lBN$mRESMAN$sCOD. 4143//15
971 ## $ccatias$d20231031
997 ## $aBIBEOD

Etiqueta de registo: 00254nbm 2200025 450
001 2284295
003 http://id.bnportugal.gov.pt/bib/catbnp/2284295
100 ## $a20260414j15711651k y0pory01030103ba
101 0# $alatlat
102 ## $aPT
105 ## $ay z 000yy
106 ## $ah
200 1# $a [ Postilas de Direito Civil e Direito Canónico]$bManuscrito]
210 #1 $a[Coimbra],$d1571-1651
215 ## $a7 tomos, enc.$d31 cm
300 ## $aCópia coeva
304 ## $aTexto em latim
304 ## $aComentários ao Corpus Iuris Civilis e Corpus Iuris Canonic leccionados por professores dos séculos XVI e XVII na Universidade de Coimbra
307 ## $aInicial historiada p&b (tomo II, f. 1)
307 ## $aAnotações marginais profusas; acrescentos e correcções redigidas, por vezes, em pequenas tiras de papel coladas sobre o texto inicial
307 ## $aManchado pela humidade e tinta ferrogálica; papel acidificado; tinta esmaecida; marcas da acção dos insectos afectando o texto; aparado
307 ## $aEncadernação em pastas de cartão revestidas a pele castanha; lombada gravada a ouro com o título: "Appost[ilae] Juris"; corte salpicado
316 ## $aCota antiga: U-5-6 a U-5-12
317 ## $aMarca de posse manuscrita: "D. Henriquez" (no início dos tomos)
321 1# $aMemoria Professorvm Vniversitatis Conimbrigensis 1290-1772. Coimbra : Arquivo da Universidade, 2003
321 1# $aSubtil, José - Dicionário dos desembargadores (1640-1834). Lisboa : Ediual, 2010
321 1# $aSão Bento, Luís de - Memorial de ministros : catálogo alfabético dos ministros de letras. Estudo e transcrição Nuno Camarinhas. Lisboa : Biblioteca Nacional de Portugal ; São Paulo : Colégio Permanente de Diretores de Escolas Estaduais da Magistratura, 2017
516 1# $aApostilae juris
517 1# $aDe censibus
517 1# $aDe fideicommissis
517 1# $aDe fideiussoribus
517 1# $aDe dolo et contumacia
517 1# $aDe confessis
517 1# $aDe sententiae excommunicatione
517 1# $aDe poenis
517 1# $aDe alimentis vel cibaris legatis
517 1# $aDe acquirenda vel amitienda possessione
517 1# $aDe legatis
517 1# $aDe litis contestatione
517 1# $aDe consanguinitate
517 1# $aDe restitutione spoliatorum
517 1# $aDe rerum permutatione
517 1# $aDe iuramento
517 1# $aDe regulis jurisDe regulis iuris
517 1# $aDe homicidio
517 1# $aDe testamentis
517 1# $aDe praebendis
518 1# $aQui filii sint legitimi
701 #1 $aDias,$bFrancisco,$f15---1616$4070$3633682
701 #1 $aSousa,$bSebastião de,$f15---1608$4070$31806502
701 #1 $aBarbosa,$bPedro,$f1530-1606$4070$3910234
701 #1 $aJoão,$bCristovão,$f15---1596$4070$3633681
701 #1 $aGonçalves,$bGaspar,$f15--$4070$31995657
701 #1 $aGodinho,$bGonçalo Alvo,$f1595-1659$4070$31833017
701 #1 $aCarneiro,$bFrancisco,$ffl. 1572$4070$31845236
701 #1 $aMourão,$bMatias Álvares,$f16--$4070$31995628
701 #1 $aGomes,$bJoão,$f1589?-1654$4070$31819401
701 #1 $aRebelo,$bJoão de Araújo Ferreira,$f16---17--$4070$3176834
701 #1 $aTeixeira,$bFrancisco Vahia$f16---1672$4070$31742514
701 #1 $aJácome,$bMarçal Casado$f15---1656$4070$31743433
701 #1 $aVargas,$bJoão Lampreia de,$f16--$4070$31865038
701 #1 $aVargas,$bJoão Lampreia de,$f16--$4070$31865038
701 #1 $aLeiva,$bLuís Ribeiro de,$f15---1627$4070$31806179
701 #1 $aMorais,$bFrancisco Cerveira de,$ffl. 1649-1661$4070$31244620
702 #0 $aJustiniano,$cImperador,$f527-565$4100$346792
712 02 $aIgreja Católica.$bPapa,$c1227-1241 (Gregório IX)$4100$373166
801 #0 $aPT$bBN$gRPC
966 ## $lBN$mRESMAN$sCOD. 6926
966 ## $lBN$mRESMAN$sCOD. 6927
966 ## $lBN$mRESMAN$sCOD. 6928
966 ## $lBN$mRESMAN$sCOD. 6929
966 ## $lBN$mRESMAN$sCOD. 6930
966 ## $lBN$mRESMAN$sCOD. 6931
966 ## $lBN$mRESMAN$sCOD. 6932
971 ## $cipires$d20260414

OpendataBNP@bnportugal.pt | Mais informação sobre acesso aos dados BNP